[Event "Dutch Open 2024"]
[Site "Velp, Netherlands"]
[Date "2024.07.30"]
[Round "7.7"]
[White "Koster, Chiel"]
[Black "Buckels, Valentin"]
[Result "0-1"]
[WhiteElo "2058"]
[BlackElo "2478"]
[PlyCount "152"]
[[Date "2024.08.01"]]

1. e4 c6 2. Nc3 d5 3. g3 d4 4. Nce2 c5 5. f4 Nc6 6. Nf3 Bg4 7. Bg2 d3 8. cxd3
Qxd3 9. O-O e5 10. h3 Bxf3 11. Rxf3 Qd7 12. fxe5 Nxe5 13. Rf5 f6 14. d4 cxd4
15. Qxd4 Qxd4+ 16. Nxd4 Bd6 17. Be3 Ne7 18. Rff1 Nc4 19. Bf2 Be5 20. b3 Nb2 21.
Nf3 Nc6 22. Nxe5 Nxe5 23. Rac1 Kd7 24. Rc2 Nbd3 25. Rd1 Rhd8 26. Bf1 Ke8 27.
Rc7 Nxf2 28. Rxd8+ Rxd8 29. Kxf2 Rd7 30. Bb5 Kd8 31. Rxd7+ Nxd7 32. Ke3 Ne5 33.
Kd4 Ke7 34. Kd5 h5 35. h4 g6 36. Be2 Nc6 37. a3 Ne5 38. b4 Nd7 39. Bd1 Nb6+ 40.
Kc5 Ke6 41. Kd4 Kd6 42. Bb3 Nd7 43. Bd5 b6 44. Bc4 Ne5 45. Bb3 Nc6+ 46. Ke3 a5
47. Bf7 Ne5 48. Be8 Ke7 49. Bb5 Ke6 50. Kd4 axb4 51. axb4 Kd6 52. Be8 Ke7 53.
Bb5 Ke6 54. Be8 Kd6 55. Ke3 Ke7 56. Bb5 Ke6 57. Be8 Kd6 58. Kd4 Ke7 59. Bb5 Ke6
60. Ba4 g5 61. Bd1 Nc6+ 62. Kc4 g4 63. Kb5 Kd6 64. Kxb6 Nxb4 65. Kb5 Nd3 66.
Be2 Nf2 67. Bc4 Nxe4 68. Bf7 Nxg3 69. Kc4 Ke5 70. Kd3 f5 71. Ke3 f4+ 72. Kf2
Ne4+ 73. Kg2 f3+ 74. Kh2 g3+ 75. Kh3 Kf4 76. Bxh5 Nf2# 0-1

[Event "Dutch Open 2024"]
[Site "Velp, Netherlands"]
[Date "2024.07.30"]
[Round "7.8"]
[White "Schuricht, Emil Frederick"]
[Black "Baselmans, Luuk"]
[Result "1/2-1/2"]
[WhiteElo "1973"]
[BlackElo "2345"]
[PlyCount "103"]
[[Date "2024.08.01"]]

1. c4 e5 2. Nc3 Nf6 3. Nf3 e4 4. Ng5 c6 5. Qa4 Qe7 6. Qc2 b5 7. cxb5 d5 8. e3
Qe5 9. f4 Qc7 10. d3 h6 11. Nh3 cxb5 12. Qb3 a6 13. Nxd5 Nxd5 14. Qxd5 Bb7 15.
Qe5+ Qxe5 16. fxe5 exd3 17. Nf4 g5 18. Nxd3 Nd7 19. Bd2 Bg7 20. Bc3 O-O 21. a4
Be4 22. Kf2 Rad8 23. axb5 axb5 24. Be2 Rb8 25. Ra5 Rfe8 26. h3 Bxd3 27. Bxd3 b4
28. Bd4 Nxe5 29. Bxe5 Bxe5 30. b3 Re7 31. Rb5 Rd8 32. Rd1 Red7 33. Rxe5 Rxd3
34. Re8+ Rxe8 35. Rxd3 Kg7 36. Kf3 h5 37. Rd5 Kg6 38. Rb5 Ra8 39. Rxb4 Ra2 40.
Rb6+ f6 41. Rb8 h4 42. b4 Rb2 43. b5 f5 44. b6 Kf7 45. g4 hxg3 46. Kxg3 Rb4 47.
Kf2 Rb2+ 48. Ke1 Kg7 49. Kd1 f4 50. Kc1 Rb4 51. exf4 gxf4 52. Kd2 1/2-1/2

[Event "Dutch Open 2024"]
[Site "Velp, Netherlands"]
[Date "2024.07.30"]
[Round "7.9"]
[White "Hilwerda, Jonas"]
[Black "Kazarjan, Gachatur"]
[Result "1-0"]
[WhiteElo "2257"]
[BlackElo "2174"]
[PlyCount "176"]
[[Date "2024.08.01"]]

1. e4 c5 2. Nf3 d6 3. d4 cxd4 4. Nxd4 Nf6 5. Nc3 g6 6. Be3 Nc6 7. f3 h5 8. Bc4
Bd7 9. Qd2 Bg7 10. Nxc6 Bxc6 11. O-O h4 12. Rad1 Qa5 13. Rfe1 Kf8 14. Qf2 b5
15. Bb3 b4 16. Nd5 Bxd5 17. exd5 Rh5 18. Rd4 h3 19. g4 Re5 20. Qd2 Qc5 21. Rxb4
Rxe3 22. Rxe3 Bh6 23. Rd4 Bxe3+ 24. Qxe3 Kg7 25. Rd3 Qb4 26. Kf2 a5 27. a4 Nd7
28. Rd4 Qc5 29. Re4 Qxe3+ 30. Rxe3 Kf6 31. g5+ Kxg5 32. Rxe7 Nc5 33. Rxf7 Rb8
34. Kg3 Nxb3 35. cxb3 Rxb3 36. Ra7 Rxb2 37. Rxa5 Kf5 38. Rb5 Ra2 39. Rb4 Ra3
40. Rf4+ Ke5 41. Rg4 Kxd5 42. Rxg6 Rxa4 43. Kxh3 Ke5 44. Rg5+ Ke6 45. Rg4 Ra1
46. Kg3 Kf5 47. Rd4 Ke5 48. Re4+ Kf5 49. Rd4 Ke5 50. Rd2 Rg1+ 51. Rg2 Rh1 52.
Re2+ Kf5 53. Rd2 Rg1+ 54. Kf2 Rg6 55. h4 Ke5 56. Ke3 Rh6 57. Rd4 d5 58. Rg4 Re6
59. Rg5+ Kf6+ 60. Kf4 Rd6 61. Rf5+ Kg6 62. Ke5 Rd8 63. h5+ Kh6 64. Kd4 Ra8 65.
Rxd5 Ra4+ 66. Ke3 Ra3+ 67. Kf4 Ra4+ 68. Kg3 Ra1 69. f4 Rf1 70. Kg4 Rg1+ 71. Kf3
Rf1+ 72. Kg4 Rg1+ 73. Kf5 Kxh5 74. Kf6+ Kh6 75. f5 Rg6+ 76. Ke7 Rg7+ 77. Kf6
Rg6+ 78. Ke7 Rg7+ 79. Ke6 Rg2 80. Rd7 Re2+ 81. Kf7 Kh7 82. f6 Rf2 83. Ke8+ Kh8
84. f7 Re2+ 85. Re7 Rf2 86. Re1 Kg7 87. Rg1+ Kh7 88. f8=Q Re2+ 1-0

[Event "Dutch Open 2024"]
[Site "Velp, Netherlands"]
[Date "2024.07.30"]
[Round "7.10"]
[White "Bakija, Alan"]
[Black "Shakhverdian, William"]
[Result "1/2-1/2"]
[WhiteElo "2171"]
[BlackElo "2157"]
[PlyCount "53"]
[[Date "2024.08.01"]]

1. Nf3 d5 2. g3 Nf6 3. Bg2 Bf5 4. O-O e6 5. c4 c6 6. cxd5 exd5 7. d3 Be7 8. Nc3
O-O 9. Nd4 Bc8 10. e4 c5 11. Nb3 d4 12. Ne2 Nc6 13. Bg5 Nd7 14. Bxe7 Qxe7 15.
Nf4 b6 16. Nd5 Qd8 17. a4 a5 18. Nd2 Nde5 19. Nc4 Nxc4 20. dxc4 Be6 21. b3 Rb8
22. Nf4 Qd7 23. Nd3 Bh3 24. f4 Bxg2 25. Kxg2 Rbe8 26. Qf3 f6 27. Rae1 1/2-1/2

[Event "Dutch Open 2024"]
[Site "Velp, Netherlands"]
[Date "2024.07.30"]
[Round "7.11"]
[White "Grooten, Tommy"]
[Black "Odendahl, Reiner"]
[Result "1/2-1/2"]
[WhiteElo "2146"]
[BlackElo "2274"]
[PlyCount "45"]
[[Date "2024.08.01"]]

1. d4 e6 2. c4 c5 3. d5 exd5 4. cxd5 d6 5. Nc3 g6 6. Nf3 a6 7. a4 Bg7 8. Nd2
Nd7 9. e4 Ne7 10. Be2 O-O 11. O-O f5 12. Nc4 Ne5 13. Nxe5 Bxe5 14. Bc4 f4 15.
Be2 Kh8 16. Nb1 g5 17. Nd2 Ng6 18. Bg4 Bf6 19. Nc4 Ne5 20. Nxe5 Bxe5 21. Ra3
Qf6 22. Rb3 Rf7 23. Qe2 1/2-1/2

[Event "Dutch Open 2024"]
[Site "Velp, Netherlands"]
[Date "2024.07.30"]
[Round "7.12"]
[White "Vos, Tjark"]
[Black "Wink, Luka"]
[Result "1-0"]
[WhiteElo "2170"]
[BlackElo "2066"]
[PlyCount "137"]
[[Date "2024.08.01"]]

1. e4 c5 2. Nf3 e6 3. d4 cxd4 4. Nxd4 Nf6 5. Nc3 Nc6 6. Ndb5 d6 7. Bf4 e5 8.
Bg5 a6 9. Na3 b5 10. Nd5 Be7 11. Bxf6 Bxf6 12. c3 O-O 13. Nc2 Rb8 14. g3 Bg5
15. Bg2 Be6 16. O-O g6 17. Nce3 Kh8 18. Qe2 f5 19. exf5 gxf5 20. f4 exf4 21.
Nxf4 Bxf4 22. Rxf4 Ne5 23. Rd1 Qb6 24. Kh1 Rbe8 25. Rfd4 Bc4 26. Qd2 Rf6 27. b3
Bf7 28. Rf1 Ng6 29. Rxf5 Qd8 30. Rxf6 Qxf6 31. Rxd6 Qg5 32. Nf1 Qxd2 33. Rxd2
Rc8 34. Rc2 Rc7 35. Kg1 Ne5 36. Be4 Ng4 37. h3 Nf6 38. Bf3 a5 39. Ne3 a4 40. c4
axb3 41. axb3 bxc4 42. bxc4 Nd7 43. Bd5 Kg7 44. Kg2 Ne5 45. Bxf7 Kxf7 46. Rf2+
Ke6 47. Rf4 Ra7 48. g4 Ra3 49. Re4 Rc3 50. Kg3 Kd6 51. Kf4 Nd3+ 52. Kf5 Nf2 53.
Re6+ Kc5 54. h4 Kd4 55. Kf4 Nd3+ 56. Kg5 Nf2 57. Nf5+ Kxc4 58. Re7 Kd5 59. Rxh7
Ne4+ 60. Kf4 Nf6 61. Rg7 Rc4+ 62. Kg5 Nxg4 63. Kh5 Rf4 64. Rxg4 Rxf5+ 65. Kg6
Rf1 66. h5 Ke5 67. h6 Ra1 68. h7 Ra8 69. Rh4 1-0

[Event "Dutch Open 2024"]
[Site "Velp, Netherlands"]
[Date "2024.07.30"]
[Round "7.13"]
[White "Van de Pavoordt, Max"]
[Black "Zwirs, Jasper"]
[Result "1/2-1/2"]
[WhiteElo "2044"]
[BlackElo "2088"]
[PlyCount "49"]
[[Date "2024.08.01"]]

1. c4 c6 2. Nf3 d5 3. g3 Nf6 4. Bg2 dxc4 5. O-O Nbd7 6. Na3 Nb6 7. Qc2 g6 8.
Nxc4 Nxc4 9. Qxc4 Bg7 10. d3 O-O 11. e4 Re8 12. Ng5 Rf8 13. h3 e5 14. Be3 h6
15. Nf3 Re8 16. b4 a5 17. a3 Be6 18. Qc3 Nd7 19. Nd2 Nf8 20. Nc4 Bxc4 21. dxc4
Ne6 22. Rfd1 Nd4 23. Bxd4 exd4 24. Qd3 axb4 25. axb4 1/2-1/2

[Event "Dutch Open 2024"]
[Site "Velp, Netherlands"]
[Date "2024.07.30"]
[Round "7.14"]
[White "Kurt, Sascha"]
[Black "Aarav Sarbalia"]
[Result "1/2-1/2"]
[WhiteElo "2071"]
[BlackElo "2042"]
[PlyCount "121"]
[[Date "2024.08.01"]]

1. e4 e6 2. d4 d5 3. Nd2 c5 4. exd5 Qxd5 5. Ngf3 cxd4 6. Bc4 Qd7 7. Nb3 Nc6 8.
Nbxd4 Nxd4 9. Nxd4 a6 10. O-O Nf6 11. Bg5 b5 12. Be2 Bb7 13. Bxf6 gxf6 14. Bf3
Rd8 15. c3 Bc5 16. Bxb7 Qxb7 17. Qf3 Qxf3 18. Nxf3 Ke7 19. Rfd1 e5 20. Kf1 Ke6
21. Ke2 a5 22. Nd2 a4 23. b3 f5 24. bxa4 bxa4 25. Rab1 Rb8 26. f3 Rhc8 27. Kd3
f4 28. Rxb8 Rxb8 29. Rb1 Rd8+ 30. Ke2 f5 31. Rb5 Kd5 32. Rb7 Rg8 33. g3 fxg3
34. hxg3 Rxg3 35. Rxh7 Rg1 36. Rh6 Bd6 37. Kd3 Ra1 38. Rf6 Rxa2 39. Rxf5 a3 40.
Nc4 Rf2 41. Rf6 Rxf3+ 42. Ne3+ Rxe3+ 43. Kxe3 a2 44. Rf1 Kc4 45. Kd2 Kb3 46.
Kd3 Ba3 47. c4 Kb2 48. Ke4 Bd6 49. Rf2+ Kb3 50. Rf1 Kxc4 51. Rh1 Kb3 52. Rh3+
Ka4 53. Rh1 Bc7 54. Rf1 Bd6 55. Rh1 Bb8 56. Rf1 Bc7 57. Rh1 Bd6 58. Rf1 Bb4 59.
Ra1 Kb3 60. Rxa2 Kxa2 61. Kxe5 1/2-1/2

[Event "Dutch Open 2024"]
[Site "Velp, Netherlands"]
[Date "2024.07.30"]
[Round "7.15"]
[White "Aravindhan, Achyuth"]
[Black "Van Foreest, Machteld"]
[Result "0-1"]
[WhiteElo "2094"]
[BlackElo "2272"]
[PlyCount "70"]
[[Date "2024.08.01"]]

1. e4 e5 2. Nf3 Nc6 3. Bc4 Bc5 4. c3 Nf6 5. d4 exd4 6. e5 d5 7. Bb5 Ne4 8. cxd4
Bb6 9. Nc3 Bg4 10. Be3 O-O 11. h3 Bh5 12. Qc2 Nb4 13. Qb3 Ba5 14. a3 Nc6 15.
Qc2 f5 16. Rd1 Kh8 17. b4 Bb6 18. Ne2 Be8 19. Ba4 Qe7 20. Bb3 Rd8 21. h4 a5 22.
b5 a4 23. Bxa4 Na5 24. Ng5 Nc4 25. Bc1 Ra8 26. Nxe4 fxe4 27. Bb3 Bxb5 28. Bxc4
Bxc4 29. Rh3 Qf7 30. Nc3 Bb3 31. Qe2 Bxd1 32. Nxd1 Bxd4 33. Rb3 c5 34. f4 exf3
35. Rxf3 Qe7 0-1

[Event "Dutch Open 2024"]
[Site "Velp, Netherlands"]
[Date "2024.07.30"]
[Round "7.16"]
[White "Saketh, Pedagandham"]
[Black "Stillger, Bernhard"]
[Result "1/2-1/2"]
[WhiteElo "2051"]
[BlackElo "2263"]
[PlyCount "106"]
[[Date "2024.08.01"]]

1. e4 e5 2. Nf3 Nf6 3. Nc3 Nc6 4. a3 Bc5 5. Nxe5 Nxe5 6. d4 Bd6 7. f4 Nc6 8. e5
Be7 9. d5 Nb8 10. d6 cxd6 11. exf6 Bxf6 12. Bd3 Qe7+ 13. Kf2 Bd4+ 14. Kf3 Bxc3
15. bxc3 O-O 16. Kg3 b6 17. Re1 Qf6 18. Rb1 Ba6 19. c4 Nc6 20. Qh5 g6 21. Qg4
h5 22. Qxd7 h4+ 23. Kf2 Ne5 24. Qh3 Bc8 25. f5 Bxf5 26. Bxf5 Qxf5+ 27. Qxf5
gxf5 28. Bg5 Ng6 29. Rbd1 Rfe8 30. Rxd6 Rxe1 31. Kxe1 Re8+ 32. Kf1 Re4 33. Bf6
Rf4+ 34. Kg1 Rxc4 35. Rd2 b5 36. Rd5 Rxc2 37. Rxb5 f4 38. Rb2 Rc6 39. Bd4 a6
40. Rb8+ Kh7 41. Rb7 Kg8 42. Rb6 Rxb6 43. Bxb6 Kg7 44. Bd4+ f6 45. Kf2 Ne5 46.
Ke2 Kg6 47. h3 Kf5 48. Bf2 Ke4 49. Bxh4 f3+ 50. gxf3+ Nxf3 51. Bxf6 Ng1+ 52.
Kd2 Nxh3 53. Kc3 Kd5 1/2-1/2

[Event "Dutch Open 2024"]
[Site "Velp, Netherlands"]
[Date "2024.07.30"]
[Round "7.17"]
[White "Schroeder, Lennart"]
[Black "Smid, Jelle"]
[Result "0-1"]
[WhiteElo "2146"]
[BlackElo "2080"]
[PlyCount "132"]
[[Date "2024.08.01"]]

1. Nf3 d5 2. g3 Nf6 3. Bg2 Bg4 4. O-O c6 5. b3 e6 6. Bb2 Nbd7 7. d4 Bd6 8. Nbd2
O-O 9. Ne5 Bh5 10. Qe1 Qc7 11. Nxd7 Qxd7 12. e4 dxe4 13. Nxe4 Nxe4 14. Qxe4 Bg6
15. Qe2 Be7 16. Rad1 a5 17. c4 Rac8 18. Bc3 Bf6 19. Qb2 Qc7 20. Qd2 b6 21. c5
Ra8 22. cxb6 Qxb6 23. b4 axb4 24. Bxb4 Rfd8 25. Bc5 Qb5 26. a3 e5 27. Qc3 exd4
28. Bxd4 Bxd4 29. Rxd4 Rxd4 30. Qxd4 Qa4 31. Qxa4 Rxa4 32. Re1 h6 33. Re8+ Kh7
34. Re3 c5 35. Rc3 Rd4 36. Bf3 Rd3 37. Rxd3 Bxd3 38. Bd5 c4 39. Bxf7 c3 40. Bb3
c2 41. Bxc2 Bxc2 42. f3 Kg6 43. Kf2 Kf5 44. Ke3 Bd1 45. h4 h5 46. Kf2 Ke5 47.
Ke3 g6 48. Kf2 Kd4 49. a4 Bxa4 50. g4 Bd7 51. Kg3 Ke3 52. gxh5 gxh5 53. f4 Bf5
54. Kg2 Kxf4 55. Kh2 Kg4 56. Kg2 Kxh4 57. Kh2 Be4 58. Kg1 Kg3 59. Kf1 h4 60.
Kg1 h3 61. Kf1 h2 62. Ke2 h1=Q 63. Kd2 Qf3 64. Ke1 Qf2+ 65. Kd1 Kh4 66. Kc1
Qc2# 0-1

[Event "Dutch Open 2024"]
[Site "Velp, Netherlands"]
[Date "2024.07.30"]
[Round "7.18"]
[White "Dordevic, Tom"]
[Black "Hng, Mei-Xian Eunice"]
[Result "0-1"]
[WhiteElo "2133"]
[BlackElo "2036"]
[PlyCount "84"]
[[Date "2024.08.01"]]

1. d4 Nf6 2. c4 e5 3. dxe5 Ng4 4. Nf3 Nc6 5. Bf4 Bb4+ 6. Nbd2 Qe7 7. e3 Ngxe5
8. Nxe5 Nxe5 9. a3 Bxd2+ 10. Qxd2 d6 11. Be2 O-O 12. O-O b6 13. Rac1 Bb7 14.
Bg3 f5 15. Rfd1 a5 16. b4 Nd7 17. Bf1 Nf6 18. c5 dxc5 19. bxc5 bxc5 20. Qb2 Bd5
21. Qc2 c6 22. Qxf5 Ne4 23. Qg4 Rae8 24. Bd3 Nxf2 25. Bxf2 Rxf2 26. Bxh7+ Kxh7
27. Qh3+ Kg8 28. Kxf2 c4 29. Re1 Qxa3 30. Kg1 Qb2 31. Rb1 Qd2 32. Qg3 c3 33.
Rb7 Bf7 34. Rf1 Rf8 35. Qf3 Qd5 36. e4 Qc5+ 37. Kh1 Bg6 38. Qe2 Rxf1+ 39. Qxf1
c2 40. Qc1 Bxe4 41. Rd7 Qf2 42. Rd2 Bxg2# 0-1

[Event "Dutch Open 2024"]
[Site "Velp, Netherlands"]
[Date "2024.07.30"]
[Round "7.19"]
[White "Van Kuijk, Vadim"]
[Black "Zecha, Oscar"]
[Result "0-1"]
[WhiteElo "2131"]
[BlackElo "1999"]
[PlyCount "60"]
[[Date "2024.08.01"]]

1. e4 e5 2. Nf3 Nc6 3. d4 exd4 4. Nxd4 Bc5 5. Nb3 Bb6 6. Nc3 Nf6 7. Qe2 O-O 8.
Be3 Bxe3 9. Qxe3 Re8 10. O-O-O a6 11. f3 h5 12. Qg5 d6 13. h4 Qe7 14. Be2 Qe5
15. Qe3 Qg3 16. Nd2 Ng4 17. Qg5 Re5 18. Nf1 Qxg2 19. Ne3 Qxh1 20. Nf5 Rxf5 21.
exf5 Qh2 22. fxg4 Qe5 23. Qxh5 Qe3+ 24. Kb1 b5 25. f6 g6 26. Qd5 Bb7 27. Rd3
Qe5 28. Qf3 Na5 29. Nd5 Nc4 30. Ne7+ Kf8 0-1

[Event "Dutch Open 2024"]
[Site "Velp, Netherlands"]
[Date "2024.07.30"]
[Round "7.20"]
[White "Goudriaan, Rafael"]
[Black "Gortemaker, Lucas"]
[Result "1/2-1/2"]
[WhiteElo "2028"]
[BlackElo "2097"]
[PlyCount "122"]
[[Date "2024.08.01"]]

1. Nf3 Nf6 2. g3 e6 3. Bg2 a6 4. O-O b5 5. d3 d5 6. c4 Bb7 7. cxd5 exd5 8. Nbd2
Be7 9. d4 Nbd7 10. Nb3 c5 11. dxc5 Nxc5 12. Be3 Na4 13. Bd4 O-O 14. Rc1 Rc8 15.
Qd3 Qd6 16. Bh3 Rxc1 17. Rxc1 Ne4 18. Qe3 Bd8 19. Nfd2 Ng5 20. Bg2 Ne6 21. Be5
Qb6 22. Nd4 Nac5 23. Nxe6 Nxe6 24. Qxb6 Bxb6 25. Nb3 f6 26. Bc3 Rd8 27. e3 Kf7
28. Rd1 Nc5 29. Bd4 Na4 30. Bxb6 Nxb6 31. e4 Ke7 32. Nc5 Ba8 33. exd5 Bxd5 34.
Bxd5 Rxd5 35. Rxd5 Nxd5 36. Nxa6 Kd6 37. Kf1 Kc6 38. a3 Kb6 39. Nb4 Nxb4 40.
axb4 Kc6 41. Ke2 Kd5 42. Kd3 g6 43. h4 g5 44. hxg5 fxg5 45. g4 Ke5 46. Ke3 h6
47. b3 Kd5 48. f4 gxf4+ 49. Kxf4 Ke6 50. Ke4 Kf6 51. Kd5 Kg5 52. Kc5 Kxg4 53.
Kxb5 h5 54. Ka6 h4 55. b5 h3 56. b6 h2 57. b7 h1=Q 58. b8=Q Qa1+ 59. Kb7 Qh1+
60. Kb6 Qg1+ 61. Kc7 Qc5+ 1/2-1/2

[Event "Dutch Open 2024"]
[Site "Velp, Netherlands"]
[Date "2024.07.30"]
[Round "7.21"]
[White "Hng, Mei-En Emmanuelle"]
[Black "Bus, Tom"]
[Result "1-0"]
[WhiteElo "2144"]
[BlackElo "2082"]
[PlyCount "117"]
[[Date "2024.08.01"]]

1. e4 e5 2. Nf3 Nc6 3. Bb5 a6 4. Ba4 Nf6 5. O-O Be7 6. Re1 b5 7. Bb3 d6 8. h3
O-O 9. a4 Bb7 10. d3 Nb8 11. axb5 axb5 12. Rxa8 Bxa8 13. Nbd2 Nbd7 14. c3 Bb7
15. Nf1 Nc5 16. Bc2 Re8 17. b4 Ncd7 18. Ng3 g6 19. Bb3 Bf8 20. Bg5 Bg7 21. Qd2
Qe7 22. Ra1 Qf8 23. Ra7 Rb8 24. Qa2 h6 25. Be3 Qe8 26. Nh4 Nf8 27. Qa5 Qd7 28.
Nf3 Ne8 29. c4 Bc6 30. d4 bxc4 31. Bxc4 Bb5 32. Bb3 Ne6 33. dxe5 dxe5 34. Qa2
Nd4 35. Bxd4 exd4 36. e5 Rb6 37. Ne4 Qf5 38. Nc5 Qf4 39. e6 fxe6 40. Nxe6 Qc1+
41. Kh2 Kh8 42. Nxg7 Kxg7 43. g3 Rf6 44. Nxd4 Qf1 45. f4 Rd6 46. Qb2 Kh7 47.
Ra1 Qd3 48. Rd1 Qe4 49. Nxb5 Rxd1 50. Bxd1 c6 51. Qd4 Qe1 52. Nc3 Ng7 53. Ne4
h5 54. Ng5+ Kh6 55. Bf3 h4 56. gxh4 Qxh4 57. Bxc6 Qe1 58. Bg2 Qc1 59. b5 1-0

[Event "Dutch Open 2024"]
[Site "Velp, Netherlands"]
[Date "2024.07.30"]
[Round "7.22"]
[White "Van Foreest, Nanne"]
[Black "Krylov, Philippe"]
[Result "1-0"]
[WhiteElo "1985"]
[BlackElo "1974"]
[PlyCount "63"]
[[Date "2024.08.01"]]

1. e4 c6 2. d4 d5 3. e5 Bf5 4. h4 h5 5. Bg5 Qb6 6. Bd3 Bxd3 7. Qxd3 e6 8. Nd2
Ne7 9. Ngf3 Nf5 10. O-O Qa6 11. c4 Be7 12. Qc3 O-O 13. cxd5 cxd5 14. Nb3 Nc6
15. Bxe7 Ncxe7 16. Ng5 Rac8 17. Qf3 g6 18. g4 hxg4 19. Qxg4 Rc2 20. h5 Qe2 21.
Qxe2 Rxe2 22. Rac1 gxh5 23. Rc7 Rxb2 24. Rxb7 Rxa2 25. Kh1 Kh8 26. Nc5 Rd2 27.
Nd7 Rxd4 28. Nf3 Rf4 29. Nxf8 Rxf3 30. Rb8 Kg7 31. Rg1+ Ng6 32. Rxg6+ 1-0

[Event "Dutch Open 2024"]
[Site "Velp, Netherlands"]
[Date "2024.07.30"]
[Round "7.23"]
[White "Op den Dries, Johan"]
[Black "Smit, Manuel"]
[Result "1-0"]
[WhiteElo "2120"]
[BlackElo "1969"]
[PlyCount "111"]
[[Date "2024.08.01"]]

1. e4 c5 2. b3 e6 3. Bb2 d5 4. exd5 exd5 5. Nf3 a6 6. d4 Nc6 7. Bd3 Nf6 8. O-O
Be7 9. dxc5 O-O 10. Ba3 Bg4 11. b4 Qc7 12. Nbd2 Qf4 13. c3 Ne4 14. Qc2 Bxf3 15.
Nxf3 Bf6 16. Bb2 Rfe8 17. Rae1 Re6 18. Bc1 Qg4 19. h3 Qf5 20. Nh2 Qh5 21. Bxe4
dxe4 22. Ng4 Rae8 23. Nxf6+ gxf6 24. Bf4 f5 25. Qd1 Qh4 26. Bg3 Qf6 27. Qc1 Ne7
28. c4 Ng6 29. Bf4 Qh4 30. Bg5 Qh5 31. Rd1 f6 32. Bh6 Qh4 33. Bd2 f4 34. Kh2 e3
35. fxe3 fxe3 36. Be1 Qe4 37. Rf3 f5 38. Rd7 f4 39. Bc3 Nh4 40. Rg7+ Kf8 41.
Rf1 Rg6 42. Qb2 Re7 43. Rxg6 hxg6 44. Qe2 Qf5 45. Be1 g5 46. Bxh4 gxh4 47. Rd1
Qg6 48. Kh1 Qf5 49. a4 Rg7 50. Rd8+ Kf7 51. Qf3 Kg6 52. Rd5 Re7 53. Rxf5 Kxf5
54. Qg4+ Ke4 55. Qg6+ Kd4 56. Qd6+ 1-0

[Event "Dutch Open 2024"]
[Site "Velp, Netherlands"]
[Date "2024.07.30"]
[Round "7.24"]
[White "Blok, Xaveer"]
[Black "Evengroen, Jan"]
[Result "0-1"]
[WhiteElo "1885"]
[BlackElo "2176"]
[PlyCount "51"]
[[Date "2024.08.01"]]

1. e4 e6 2. d4 d5 3. Nc3 Bb4 4. e5 c5 5. a3 Bxc3+ 6. bxc3 Ne7 7. Qg4 Kf8 8. Bd3
Qa5 9. Bd2 Qa4 10. Ra2 Nbc6 11. Nf3 b6 12. O-O h6 13. h4 Ba6 14. Bxa6 Qxa6 15.
h5 Qc4 16. Rb2 Nf5 17. Rd1 Kg8 18. Be1 Kh7 19. Nh4 Nxe5 20. Qf4 Qe2 21. Rbb1
Nxh4 22. dxe5 Qxh5 23. Rd3 Qg5 24. Qxg5 hxg5 25. f4 Ng6 26. fxg5 0-1

[Event "Dutch Open 2024"]
[Site "Velp, Netherlands"]
[Date "2024.07.31"]
[Round "8.1"]
[White "De Winter, Arthur"]
[Black "Van Rootselaar, Rik"]
[Result "1-0"]
[WhiteElo "2411"]
[BlackElo "2152"]
[PlyCount "51"]
[[Date "2024.08.01"]]

1. e4 c5 2. Nf3 Nc6 3. Bb5 Nf6 4. Bxc6 dxc6 5. d3 g6 6. O-O Bg7 7. Nc3 O-O 8.
h3 e5 9. Nxe5 Nxe4 10. Nxe4 Bxe5 11. Nxc5 b6 12. Ne4 c5 13. Re1 f6 14. Bh6 Rf7
15. Qc1 Bb7 16. Bf4 Qc7 17. Nxf6+ Rxf6 18. Bxe5 Qc6 19. Qg5 Rf5 20. Qg3 Raf8
21. Re2 a5 22. Rae1 Qd5 23. c4 Qd8 24. Bc3 Bc6 25. h4 R8f7 26. Re6 1-0

[Event "Dutch Open 2024"]
[Site "Velp, Netherlands"]
[Date "2024.07.31"]
[Round "8.2"]
[White "De Boer, Eelke"]
[Black "Beerdsen, Thomas"]
[Result "0-1"]
[WhiteElo "2384"]
[BlackElo "2510"]
[PlyCount "100"]
[[Date "2024.08.01"]]

1. e4 c5 2. Nf3 d6 3. d4 cxd4 4. Nxd4 Nf6 5. Nc3 a6 6. Be3 e5 7. Nb3 Be7 8. Be2
Be6 9. O-O Nbd7 10. a4 Rc8 11. a5 Rxc3 12. bxc3 Nxe4 13. Qd3 Bf5 14. Qc4 Ndf6
15. Nd2 O-O 16. Nxe4 Bxe4 17. Bg5 Bc6 18. Qb3 Ne4 19. Bxe7 Qxe7 20. Qb4 Nc5 21.
Rad1 Ne6 22. g3 Rd8 23. Bg4 g6 24. Bxe6 Qxe6 25. c4 Bf3 26. Rd3 Be2 27. Re1
Bxd3 28. cxd3 Rd7 29. Qb2 h5 30. h4 Rc7 31. Qb6 Qe7 32. f4 Rc6 33. Qb2 Rc5 34.
d4 Rxa5 35. c5 dxc5 36. Rxe5 Qd7 37. dxc5 Rb5 38. Qc3 Rb1+ 39. Kf2 Qb5 40. Re2
Rd1 41. f5 Rh1 42. Kf3 Qc6+ 43. Ke3 Qe8+ 44. Kf3 Rf1+ 45. Rf2 Qc6+ 46. Ke2
Rxf2+ 47. Kxf2 b6 48. Qd3 Qxc5+ 49. Kg2 Qxf5 50. Qxa6 b5 0-1

[Event "Dutch Open 2024"]
[Site "Velp, Netherlands"]
[Date "2024.07.31"]
[Round "8.3"]
[White "Buckels, Valentin"]
[Black "Leenhouts, Koen"]
[Result "1-0"]
[WhiteElo "2478"]
[BlackElo "2454"]
[PlyCount "59"]
[[Date "2024.08.01"]]

1. d4 Nf6 2. Nf3 d5 3. Bf4 c5 4. e3 Nc6 5. Be2 Nh5 6. Be5 cxd4 7. exd4 f6 8.
Bg3 Nxg3 9. hxg3 e5 10. c4 Be6 11. dxe5 Qa5+ 12. Nbd2 O-O-O 13. O-O h5 14. Nb3
Qb4 15. a3 Qe7 16. Nbd4 Nxd4 17. Qxd4 Kb8 18. Rad1 Qc7 19. exf6 Bc5 20. Qe5
gxf6 21. Qxe6 Rhe8 22. Qxf6 Rxe2 23. Rxd5 Rf8 24. Qg5 Be7 25. Qc1 h4 26. gxh4
Rxf3 27. gxf3 Bxh4 28. Qh6 Bxf2+ 29. Kh1 a5 30. Rxf2 1-0

[Event "Dutch Open 2024"]
[Site "Velp, Netherlands"]
[Date "2024.07.31"]
[Round "8.4"]
[White "Hilwerda, Jonas"]
[Black "Hausrath, Daniel"]
[Result "0-1"]
[WhiteElo "2257"]
[BlackElo "2469"]
[PlyCount "134"]
[[Date "2024.08.01"]]

1. e4 c6 2. d4 d5 3. e5 Bf5 4. Nf3 e6 5. Be2 Nd7 6. O-O Bg6 7. c3 a5 8. a4 Nh6
9. Na3 Be7 10. Nc2 O-O 11. Bxh6 gxh6 12. Nce1 Kg7 13. Qd2 c5 14. Bb5 cxd4 15.
cxd4 Rc8 16. Nd3 Nb8 17. Rfc1 Qb6 18. Rc3 Nc6 19. Nc5 Rc7 20. Bxc6 bxc6 21. Rb3
Qa7 22. Rc1 Qa8 23. Rb6 Ra7 24. Rc3 Rb8 25. Rxb8 Qxb8 26. Rb3 Qc8 27. Qc3 h5
28. h3 h4 29. Qc1 Ra8 30. Qc3 Bh5 31. Nd2 Bd1 32. Rb6 Ra7 33. Ncb3 Ra6 34. Rxa6
Qxa6 35. Qe3 Qb6 36. Qc3 Qb4 37. Nxa5 Bxa4 38. Nab3 Qxc3 39. bxc3 Ba3 40. Nc5
Bb5 41. f4 Bb2 42. Kf2 Bxc3 43. Nf3 Bb2 44. f5 exf5 45. Ke3 Kf8 46. Nd7+ Ke7
47. Nc5 Ke8 48. Nb7 Bc1+ 49. Kf2 Bd3 50. Nd6+ Ke7 51. Nxh4 f4 52. Nhf5+ Kd7 53.
Kf3 Bc2 54. h4 h5 55. g3 Bd1+ 56. Kf2 Bg4 57. gxf4 Bxf4 58. Ne3 f6 59. Nf7 Ke7
60. Nh8 Bxe3+ 61. Kxe3 Bf5 62. Kf4 Be4 63. Ke3 fxe5 64. dxe5 c5 65. Kf4 c4 66.
Ke3 c3 67. Ke2 d4 0-1

[Event "Dutch Open 2024"]
[Site "Velp, Netherlands"]
[Date "2024.07.31"]
[Round "8.5"]
[White "Maatman, Nick"]
[Black "Slagboom, Leandro"]
[Result "1-0"]
[WhiteElo "2383"]
[BlackElo "2331"]
[PlyCount "233"]
[[Date "2024.08.01"]]

1. d4 d5 2. c4 e6 3. Nf3 Nf6 4. g3 Bb4+ 5. Bd2 a5 6. Bg2 O-O 7. Qc2 Be7 8. O-O
c6 9. Bf4 Nbd7 10. Rd1 a4 11. h4 h6 12. Nbd2 Nh5 13. e3 Nxf4 14. exf4 dxc4 15.
Nxc4 Nf6 16. a3 Bd7 17. Nfe5 Qc7 18. Rac1 Rfd8 19. Ne3 Qb6 20. Rd2 Be8 21. Qc4
Nd5 22. Nxd5 exd5 23. Qd3 Bd6 24. Bf3 Qc7 25. Bd1 f6 26. Ng4 Bf7 27. Bc2 Kf8
28. Qh7 Bg8 29. Qh8 Qf7 30. Re1 h5 31. Ne5 fxe5 32. fxe5 Re8 33. Re3 Re6 34.
Bh7 Rh6 35. Bxg8 Rxh8 36. Bxf7 Bxe5 37. Bxd5 Bf6 38. Bc4 Rd8 39. d5 cxd5 40.
Rxd5 Rxd5 41. Bxd5 Bxb2 42. Bxb7 g6 43. Bc6 Kg7 44. Bxa4 Ra8 45. Be8 Rxa3 46.
Re7+ Kf6 47. Rf7+ Ke6 48. Rb7 Bd4 49. Kg2 Kf5 50. Rf7+ Ke5 51. Rg7 Ra2 52. Bxg6
Bxf2 53. Bxh5 Bd4+ 54. Kh3 Ra3 55. Rf7 Ke6 56. Rf1 Be5 57. Bf3 Kf5 58. Rf2 Bd4
59. Rd2 Be5 60. Kg2 Rb3 61. Rd8 Rb8 62. Rd3 Rb2+ 63. Kh3 Rf2 64. Bg2 Rc2 65.
Rf3+ Kg6 66. Bf1 Rc3 67. Bd3+ Kg7 68. g4 Rc1 69. g5 Rg1 70. Be4 Bb8 71. Rb3 Be5
72. Bg2 Rc1 73. Bf3 Kg6 74. Be4+ Kh5 75. Bf3+ Kg6 76. Rb6+ Kf5 77. Bg4+ Kf4 78.
Rb4+ Ke3 79. Bf5 Rg1 80. h5 Rxg5 81. Bg4 Rg8 82. Rb6 Kf4 83. h6 Rh8 84. Rg6 Bg7
85. Rxg7 Rxh6+ 86. Kg2 Ke5 87. Kf3 Ra6 88. Re7+ Kf6 89. Re3 Rb6 90. Ra3 Rc6 91.
Bd7 Rd6 92. Bb5 Rb6 93. Ra5 Rd6 94. Ke4 Rb6 95. Bc4 Rb4 96. Rc5 Rb1 97. Kf4 Rc1
98. Rc6+ Ke7 99. Ke5 Re1+ 100. Kd4 Kd7 101. Rh6 Ke7 102. Bd5 Re2 103. Be4 Kd7
104. Ke5 Kc7 105. Rc6+ Kd7 106. Rb6 Kc7 107. Rb7+ Kc8 108. Rh7 Re1 109. Kd5
Rd1+ 110. Kc6 Rc1+ 111. Kd6 Kb8 112. Rb7+ Kc8 113. Rb2 Kd8 114. Bd5 Rc3 115.
Rh2 Re3 116. Bc4 Kc8 117. Rb2 1-0